000 00633aas a2200193 4500
999 _c63488
_d63488
001 768714001
003 CO-MdFUSB
005 20171025103627.0
008 171025s2010 xxu||||| |||| 00| 0 spa d
022 _a2145-8197
040 _aCO-MdFUSB
_bspa
_cCO-MdFUSB
_dCO-MdFUSB
041 _aspa
245 0 _aDos Campeones Mundiales de Boxeo
_c/ El Tiempo
300 _aNúmero 7 (2010), página 20
_c: 28 cm.
520 1 _aKid Pambelé y Rocky Valdés le dan al país triunfos inolvidables en un deporte con seguidores.
650 1 4 _aHISTORIA
773 0 _tdk100
_049432
_959932
_gNúmero 7 (2010), página 20
_qPágina 20
942 _cANA